Economía social de mercado en Chile: ¿Mito o realidad?
Sábháilte in:
| Príomhchruthaitheoir: | |
|---|---|
| Formáid: | LEABHAR |
| Teanga: | Spáinnis |
| Foilsithe / Cruthaithe: |
Viña del Mar
Ediciones Altazor
2013
|
| Eagrán: | 1a. ed |
| Ábhair: | |
| Clibeanna: |
Cuir clib leis
Níl clibeanna ann, Bí ar an gcéad duine le clib a chur leis an taifead seo!
|
MARC
| LEADER | 00000cam a2200000 a 4500 | ||
|---|---|---|---|
| 001 | UCE1079 | ||
| 003 | CL-VaPUC | ||
| 008 | 140324e20130000cl |||||||||||||||||spa|d | ||
| 020 | |a 9789569205194 | ||
| 082 | 0 | 4 | |a 330 |b YAÑ |2 21 |
| 100 | 0 | |a Yáñez Rojas, Eugenio |e author |9 573462 | |
| 245 | 1 | 0 | |a Economía social de mercado en Chile: ¿Mito o realidad? |
| 250 | |a 1a. ed | ||
| 300 | |a 403 p | ||
| 942 | |c BK | ||
| 945 | |d 20140324 12:18:00 |a dcastane | ||
| 260 | |a Viña del Mar |b Ediciones Altazor |c 2013 | ||
| 650 | 0 | |a Economía social de mercado |9 258280 | |
| 650 | 0 | |a Socialismo |9 255260 | |
| 650 | 7 | |a SISTEMAS ECONOMICOS |2 CL-VaPUC |9 573463 | |
| 583 | |a last modification |c 20140324 12:18:00 |k Rodrigo Vera | ||
| 999 | |c 355013 |d 355011 | ||
| 952 | |0 0 |1 0 |3 erb |4 0 |6 330_000000000000000_YAÑ_2013 |7 0 |8 C |9 461310 |a BIBCUR |b BIBCUR |i 5063701 |o 330 YAÑ 2013 |p 5063701 |r 2025-04-22 |w 2019-11-23 |y BK |z Catalogado en:20140324 |k CAC | ||
| 952 | |0 0 |1 0 |3 erb |4 0 |6 330_000000000000000_YAÑ_2013 |7 0 |8 A |9 461311 |a BIBING |b BIBING |i 5063817 |o 330 YAÑ 2013 |p 5063817 |r 2025-01-20 |w 2019-11-23 |y BK |z Catalogado en:20140324 |k CUI | ||